1466 1068 1126 1020 1217 1886 1654 1896 1458 1289 1376 1998 1373 1626 1224 1836 1546 1732 1630 1459 1466 1796 1967 1935 1853 1782 1733 1342 1963 1810 1945 1876 1549 1163 1360 1025 1967 1948 1514 1358 1106 1597 1919 1945 1907 1067 1399 1342 1551 1127 1128 1739 1975 1028 1569 1856 1527 1514 1391 1326 1213 1149 1336 1561 1998 1799 1841 1221 1224 1303 1637 1467 1612 1609 1440 1300 1327 1265 1941 1551 1513 1063 1888 1168 1534 1905 1631 1335 1353 1245 1879 1445 1995 1870 1536 1873 1769 1402 1220 BCNSPRNW ULIB Ver.6.0+V

เปลี่ยนเป็นภาษาไทย

Change to English
 แสดงรายละเอียดบรรณานุกรม
  กลับหน้าหลัก

Brief Record : Get Marc (ISO 2709) : E-mail record : QR code < ปิดหน้าต่าง
LEADER : 00000nam 2200000uu 4500
001    13399122055
003     ULIB
008    121221s2554||||th 000 0 tha d
020    ^a9786167283210
060  4 ^aWS200^bค695ต
245 00 ^aคู่มือตรวจโรคเด็กด้วยตนเองเบื้องต้น =^bA guide to self-diagnosis and treatment your child /^cปิติกานต์ บูรณาภาพ: บ.ก.เรียบเรียง
246 31 ^aA guide to self-diagnosis and treatment your child
250    ^aพิมพ์ครั้งที่ 1
260    ^aกรุงเทพฯ :^bวิทยสถาน,^c2554
300    ^a256 หน้า :^bภาพประกอบ
650  7 ^aเด็ก^xโรค^xการวินิจฉัย^vคู่มือ
650  7 ^aเด็ก^xโรค^xการดูแล^vคู่มือ
650  7 ^aเด็ก^xการดูแล^vคู่มือ
650  7 ^aการรักษาโรค^xในวัยทารกและเด็ก^vคู่มือ
700 0  ^aปิติกานต์ บูรณาภาพ,^eบรรณาธิการ
856    ^zคู่มือตรวจโรคเด็กด้วยตนเองเบื้องต้น.pdf (Content)^uhttp://ulibm.bcnsprnw.ac.th/ULIB6//_fulltext/5/13399122055/20121221135501_1496.pdf
945    ^p200^l0^i033295
945    ^p200^l0^i033296
945    ^p200^l0^i033297
945    ^p200^l0^i033298
945    ^p200^l0^i033299
945    ^p200^l0^i033300
945    ^p200^l0^i033301
995    ^a เกษร
999    ^aใช้งานได้ทุกระบบ
รายการนี้ยังไม่มีแท็ก
คุณยังไม่ได้ล็อกอิน คุณสามารถมีกิจกรรมร่วมกับเว็บไซต์ได้ แต่ต้องล็อกอินก่อน ::
  ล็อกอิน

รายการสื่อสารสนเทศ

ลำดับที่ ประเภท เลขเรียก/บาร์โค้ด สถานที่ สถานะ
1. วิทยาศาสตร์การแพทย์ และสุขภาพ
หนังสือสำรอง
สถานะ=หนังสือสำรอง
WS200 ค695ต ฉ.1 
  Barcode: 033295
ห้องสมุดวิทยาเขตสวรรค์ประชารักษ์
►ส่วนจัดเก็บหนังสือเก่า สปร
บนชั้น
  ขอยืม
2. วิทยาศาสตร์การแพทย์ และสุขภาพ
วิทยาศาสตร์การแพทย์ และสุขภาพ
WS200 ค695ต ฉ.2 
  Barcode: 033296
ห้องสมุดวิทยาเขตสวรรค์ประชารักษ์
►ส่วนจัดเก็บหนังสือเก่า สปร
บนชั้น
  ขอยืม
3. วิทยาศาสตร์การแพทย์ และสุขภาพ
วิทยาศาสตร์การแพทย์ และสุขภาพ
WS200 ค695ต ฉ.3 
  Barcode: 033297
ห้องสมุดวิทยาเขตสวรรค์ประชารักษ์
►ส่วนจัดเก็บหนังสือเก่า สปร
บนชั้น
  ขอยืม
4. วิทยาศาสตร์การแพทย์ และสุขภาพ
วิทยาศาสตร์การแพทย์ และสุขภาพ
WS200 ค695ต ฉ.4 
  Barcode: 033298
ห้องสมุดวิทยาเขตสวรรค์ประชารักษ์
►ส่วนจัดเก็บหนังสือเก่า สปร
บนชั้น
  ขอยืม
5. วิทยาศาสตร์การแพทย์ และสุขภาพ
วิทยาศาสตร์การแพทย์ และสุขภาพ
WS200 ค695ต ฉ.5 
  Barcode: 033299
ห้องสมุดวิทยาเขตสวรรค์ประชารักษ์
►ส่วนจัดเก็บหนังสือเก่า สปร
บนชั้น
  ขอยืม
6. วิทยาศาสตร์การแพทย์ และสุขภาพ
วิทยาศาสตร์การแพทย์ และสุขภาพ
WS200 ค695ต ฉ.6 
  Barcode: 033300
ห้องสมุดวิทยาเขตสวรรค์ประชารักษ์
►ส่วนจัดเก็บหนังสือเก่า สปร
บนชั้น
  ขอยืม
7. วิทยาศาสตร์การแพทย์ และสุขภาพ
วิทยาศาสตร์การแพทย์ และสุขภาพ
WS200 ค695ต ฉ.7 
  Barcode: 033301
ห้องสมุดวิทยาเขตสวรรค์ประชารักษ์
►ส่วนจัดเก็บหนังสือเก่า สปร
บนชั้น
  ขอยืม

BibComment


ยังไม่เคยถูกคอมเมนท์

คอมเมนท์ทรัพยากรรายการนี้
  คอมเมนท์: คู่มือตรวจโรคเด็..


 Copyright 2026. Bcnsprnw @Library